Normal view
MARC view
- البنا، خليل
Entry Personal Name
001 - CONTROL NUMBER
- control field: 50082
003 - CONTROL NUMBER IDENTIFIER
- control field: JO-AjAnu
005 - DATE AND TIME OF LATEST TRANSACTION
- control field: 20230606082240.0
008 - FIXED-LENGTH DATA ELEMENTS
- fixed length control field: 230606|| aca||aabn | a|a d
040 ## - CATALOGING SOURCE
- Original cataloging agency: JO-AjAnu
- Transcribing agency: JO-AjAnu
100 ## - HEADING--PERSONAL NAME
- Personal name: البنا، خليل
670 ## - SOURCE DATA FOUND
- Source citation: Work cat.: (JO-AjAnu)25606: البنا، خليل, author, البنك الاجتماعي الحل الامثل لمشكلة الفقر(دراسة منهجية ورؤية فكرية)